书目信息 |
| 题名: |
中国逻辑思想史
|
|
| 作者: | 汪奠基 著 | |
| 分册: | ||
| 出版信息: | 上海 人民出版社 1979 |
|
| 页数: | 440页 | |
| 开本: | 20cm | |
| 丛书名: | ||
| 单 册: | ||
| 中图分类: | B81-092 , B81 | |
| 科图分类: | ||
| 主题词: | 逻辑--思想史--中国 | |
| 电子资源: | ||
| ISBN: | ||
| 000 | 00556nam0 2200217 45 | |
| 001 | 0958526968 | |
| 005 | 20090927161929.70 | |
| 010 | @dCNY1.40 | |
| 100 | @a19950905d1979 em y0chiy0121 ea | |
| 101 | 0 | @achi |
| 102 | @aCN@b310000 | |
| 105 | @ay z 000yy | |
| 200 | 10 | @a中国逻辑思想史@Azhong guo luo ji si xiang shi@f汪奠基著 |
| 210 | @a上海@c人民出版社@d1979 | |
| 215 | @a440页@d20cm | |
| 606 | @a逻辑@x思想史@y中国 | |
| 690 | @aB81-092@v3 | |
| 690 | @aB81@v4 | |
| 701 | 0 | @a汪奠基@Awang dian ji@4著 |
| 801 | 0 | @aCN@bTSSF |
| 905 | @a10447@dB81@eJY40 | |
| 中国逻辑思想史/汪奠基著.-上海:人民出版社,1979 |
| 440页;20cm |
| ISBN :CNY1.40 |
| ● |
| 相关链接 |
|
|
|
|
正题名:中国逻辑思想史
索取号:B81/JY40
 
预约/预借
| 序号 | 登录号 | 条形码 | 馆藏地/架位号 | 状态 | 备注 |
| 1 | 7804796 | 278047962 | 学院路分馆/ [索取号:B81/JY40] | 在馆 |